000 00772nam a2200241Ia 4500
003 OSt
005 20220925224508.0
006 a|||||r|||| 00| 0
007 ta
008 220923b |||||||| |||| 00| 0 eng d
037 _cGeneral Book
040 _aRTL
_cRTL
_beng
041 _2eng
_aeng
082 _aX9(MV41)-76.1(X).N8, M6
100 _aDeger Saadet
_9291182
245 0 _aMilitary expenditure in third world countries
_b Th
260 _aLondon
_bRoutledge & Kegan paul UK
_c1986
300 _axv, 288p. Bib p 273-81; Appendix p 255-67.
_ccm.
500 _aInternational library of economics.
650 _aDefence Industries
_9249405
942 _hX9(MV41)-76.1(X).N8, M6
_cGB
_2CC
999 _c581581
_d581581